000 00916nam2a2200241 4500
001 RU\NLR\BIBL_A\022697159
005 20260303143300.0
010 _a978-5-6052901-7-9
_9200
021 _aRU
_bКН-П-25-066520
_9КН-П-25-6433
035 _a(NLR Aleph) 022697159
090 _a13513062
_c13513062
100 _a20251226d2025 u y0rusy50 ca
101 0 _arus
102 _aRU
105 _aa|||z|||000gy
200 1 _aВозможно всё
_e[конец 2022 г.]
210 _d2025
215 _a[19] с.
_cцв. ил., табл.
461 0 _1001RU\NLR\BIBL_A\022688702
_12001#$aПисьмеца$e[стихи]$fКротов С. Н.$v[4]
_1700#1$aКротов$bС. Н.$gСергей Н.
_913514704
_aКротов, С. Н.
_cСаратов
_d2024-
_fКротов С. Н.
_nВаш тираж
_o[стихи]
_tПисьмеца
_v[4]
942 _cBOOK
980 _aNB